[Event "Titled Tue 17th Jun Early"]
[Site "chess.com INT"]
[Date "2025.06.17"]
[Round "2"]
[White "Cieslak, Patryk"]
[Black "Petersen, Marcel"]
[Result "1-0"]
[WhiteTitle "FM"]
[BlackTitle "CM"]
[WhiteElo "2442"]
[BlackElo "2236"]
[WhiteFideId "21078882"]
[BlackFideId "12935670"]
[EventDate "2025.06.17"]

1. Nf3 g6 2. h4 h6 3. e4 Bg7 4. Bc4 e6 5. d4 d5 6. exd5 exd5 7. Bd3 Ne7 8. c3
Bf5 9. h5 g5 10. Bxf5 Nxf5 11. O-O O-O 12. Qd3 Nd6 13. Nh2 Nd7 14. f4 Ne4 15.
fxg5 hxg5 16. Nd2 f5 17. Nxe4 fxe4 18. Qg3 Rxf1+ 19. Nxf1 Bh6 20. Ne3 Qe8 21.
Nf5 Qxh5 22. Qg4 Qxg4 23. Nxh6+ Kg7 24. Nxg4 Kg6 25. Be3 Rh8 26. Nf2 Nf6 27. Rf1
c6 28. Nh3 Ng4 29. Bxg5 e3 30. Bf4 Re8 31. Re1 Re4 32. Bg3 e2 33. Rxe2 Rxe2 34.
Nf4+ Kf5 35. Nxe2 Ke4 36. a4 Kd3 37. Kf1 Kc2 38. b4 Kb3 39. a5 Ne3+ 40. Kf2 Nd1+
41. Kf3 Nxc3 42. Nxc3 Kxc3 43. Bb8 a6 44. Bd6 Kxd4 45. g4 Kc4 46. g5 d4 47. g6
d3 48. Bf4 1-0

[Event "Titled Tue 17th Jun Early"]
[Site "chess.com INT"]
[Date "2025.06.17"]
[Round "2"]
[White "Tilak, Sharad S"]
[Black "Rubes, Jan"]
[Result "1-0"]
[WhiteTitle "IM"]
[BlackTitle "IM"]
[WhiteElo "2191"]
[BlackElo "2426"]
[WhiteFideId "5000165"]
[BlackFideId "338176"]
[EventDate "2025.06.17"]

1. e4 e5 2. Nf3 Nc6 3. Bc4 Nf6 4. d3 Bc5 5. c3 d6 6. Nbd2 a5 7. h3 Ba7 8. Bb3 h6
9. Nf1 O-O 10. g4 Be6 11. Rg1 Nh7 12. g5 hxg5 13. Nxg5 Qf6 14. Qe2 Bxb3 15. axb3
Rad8 16. Nxh7 Kxh7 17. Bg5 Qg6 18. h4 f6 19. h5 Qf7 20. Be3 f5 21. Bxa7 Nxa7 22.
Ng3 fxe4 23. Nxe4 Qf4 24. Rg4 Qh2 25. O-O-O Rf4 26. Rdg1 Rd7 27. h6 Qxh6 28.
Ng5+ Kg8 29. Rxf4 exf4 30. Qe8# 1-0

[Event "Titled Tue 17th Jun Early"]
[Site "chess.com INT"]
[Date "2025.06.17"]
[Round "2"]
[White "Deveci, Huseyin Said"]
[Black "Troltenier, Dirk"]
[Result "1-0"]
[WhiteTitle "CM"]
[BlackTitle "FM"]
[WhiteElo "2212"]
[BlackElo "2174"]
[WhiteFideId "26322455"]
[BlackFideId "4606400"]
[EventDate "2025.06.17"]

1. d4 d5 2. Bf4 c5 3. e3 e6 4. Nf3 Bd6 5. Bg3 Nf6 6. dxc5 Bxc5 7. c4 O-O 8. Nbd2
Nc6 9. Be2 d4 10. exd4 Nxd4 11. O-O Nxe2+ 12. Qxe2 Bd7 13. Rfd1 Qe7 14. Bh4 Bc6
15. Ne5 Bd4 16. Nxc6 bxc6 17. Nf3 Bc5 18. Ne5 Rac8 19. Rd7 Qe8 20. Bxf6 gxf6 21.
Qg4+ Kh8 22. Qh4 Be7 23. Rad1 fxe5 24. Rxe7 Rd8 25. Qf6+ Kg8 26. Qg5+ Kh8 27.
Qf6+ Kg8 28. Re1 Rd2 29. Rxe8 Rxe8 30. Qg5+ Kf8 31. Qxd2 1-0

[Event "Titled Tue 17th Jun Early"]
[Site "chess.com INT"]
[Date "2025.06.17"]
[Round "2"]
[White "Rogov, Matfey"]
[Black "Blackburn, Jonathan L B"]
[Result "0-1"]
[WhiteTitle "FM"]
[BlackTitle "FM"]
[WhiteElo "2348"]
[BlackElo "2207"]
[WhiteFideId "44191308"]
[BlackFideId "1801090"]
[EventDate "2025.06.17"]

1. f4 Nh6 2. Nf3 d5 3. g3 g6 4. Bg2 Bg7 5. O-O Nf5 6. d3 d4 7. c3 c5 8. cxd4
cxd4 9. g4 Ne3 10. Bxe3 dxe3 11. Qb3 Nc6 12. f5 gxf5 13. Ng5 O-O 14. gxf5 Nd4
15. Qd1 Bxf5 16. Nc3 e6 17. Nge4 Qh4 18. Ng3 Be5 19. Nce4 Kh8 20. Qe1 Bxe4 21.
Bxe4 Nc2 22. Qa5 Bxg3 23. hxg3 Qxg3+ 24. Bg2 Rg8 25. Qc3+ e5 26. Qxe5+ Qxe5 0-1

[Event "Titled Tue 17th Jun Early"]
[Site "chess.com INT"]
[Date "2025.06.17"]
[Round "2"]
[White "Askarov, Bakhtiyar"]
[Black "Kapra, Jerjis"]
[Result "1-0"]
[WhiteTitle "IM"]
[WhiteElo "2297"]
[BlackElo "2055"]
[WhiteFideId "13701100"]
[BlackFideId "2640341"]
[EventDate "2025.06.17"]

1. Nf3 d6 2. c4 e5 3. Nc3 f5 4. d4 e4 5. Ng1 Be7 6. g3 c6 7. h4 Nf6 8. Nh3 O-O
9. Bg5 Nbd7 10. Nf4 Nb6 11. e3 Ng4 12. Bxe7 Qxe7 13. Be2 Nf6 14. h5 Be6 15. b3
d5 16. c5 Nbd7 17. b4 Bf7 18. Kf1 g5 19. hxg6 hxg6 20. g4 g5 21. Nh3 f4 22. exf4
gxf4 23. Nxf4 Nh7 24. Qd2 Ng5 25. Qe3 Kg7 26. Kg2 Rh8 27. b5 Rxh1 28. Rxh1 Rh8
29. Rxh8 Kxh8 30. a4 Kg7 31. bxc6 bxc6 32. Ba6 Nf8 33. Nce2 Nfe6 34. Ng3 Bg6 35.
Bc8 Qf6 36. Nfh5+ 1-0

[Event "Titled Tue 17th Jun Early"]
[Site "chess.com INT"]
[Date "2025.06.17"]
[Round "2"]
[White "Buyankhishig, Batpelden"]
[Black "Shuvalov, Evgenij"]
[Result "0-1"]
[WhiteTitle "WFM"]
[WhiteElo "2015"]
[BlackElo "1986"]
[WhiteFideId "4923537"]
[BlackFideId "4187237"]
[EventDate "2025.06.17"]

1. d4 Nf6 2. c4 g6 3. Nc3 d5 4. Bf4 Bg7 5. e3 O-O 6. cxd5 Nxd5 7. Nxd5 Qxd5 8.
Bxc7 Na6 9. Bxa6 Qxg2 10. Qf3 Qxf3 11. Nxf3 bxa6 12. Rc1 Bb7 13. Ke2 a5 14. Bxa5
Ba6+ 15. Kd2 Bb7 16. Ke2 Ba6+ 17. Kd2 Bb7 18. Ne5 Bxe5 19. dxe5 Bxh1 20. Rxh1
Rfc8 21. f4 Rab8 22. Bc3 Rd8+ 23. Kc2 e6 24. Bd4 Rbc8+ 25. Kd3 a6 26. a4 Rb8 27.
Kc2 Rdc8+ 28. Bc3 Rb4 29. b3 Rb7 30. Rc1 Kg7 31. Kb2 Kh6 32. Rd1 Rbc7 33. Rd3
Kh5 34. b4 Kg4 35. Kb3 Kh3 36. Bb2 Kxh2 37. Rd6 Ra7 38. Bd4 Raa8 39. Rd7 h5 40.
Rxf7 h4 41. Rf6 Rg8 42. Rxe6 h3 43. Rc6 Rac8 44. b5 Rxc6 45. bxc6 Kg2 46. e6 h2
47. e7 h1=Q 0-1

[Event "Titled Tue 17th Jun Early"]
[Site "chess.com INT"]
[Date "2025.06.17"]
[Round "2"]
[White "Germanovs, Georgijs"]
[Black "Haszon, David"]
[Result "1-0"]
[WhiteTitle "CM"]
[BlackTitle "FM"]
[WhiteElo "2260"]
[BlackElo "2264"]
[WhiteFideId "11609710"]
[BlackFideId "733610"]
[EventDate "2025.06.17"]

1. Nf3 d5 2. c4 e6 3. g3 Nf6 4. b3 d4 5. Bg2 c5 6. d3 Nc6 7. e4 e5 8. h3 Qa5+ 9.
Bd2 Qc7 10. O-O Bd6 11. Nh2 Bd7 12. f4 O-O-O 13. a3 h5 14. f5 Be7 15. b4 g6 16.
fxg6 fxg6 17. bxc5 Rdg8 18. Bg5 Rf8 19. a4 Nh7 20. Bxe7 Nxe7 21. Nd2 Ng5 22.
Nhf3 Nxh3+ 23. Kh2 g5 24. Bxh3 Bxh3 25. Kxh3 g4+ 26. Kg2 gxf3+ 27. Nxf3 Rfg8 28.
Nh4 Ng6 29. Nf5 h4 30. Nd6+ Kb8 31. Rf7 Qxc5 32. Nxb7 Qc6 33. Na5 Qe6 34. Qb3+
Qb6 35. Rb7+ Ka8 36. Rxb6 Nf4+ 37. Kf1 hxg3 38. Rh6 g2+ 39. Kg1 Ne2+ 40. Kf2 Rb8
41. Rxh8 g1=B+ 42. Kxe2 Rxh8 43. Qb7# 1-0

[Event "Titled Tue 17th Jun Early"]
[Site "chess.com INT"]
[Date "2025.06.17"]
[Round "2"]
[White "Unver, Cumayi"]
[Black "Garcia Molina, Jose"]
[Result "0-1"]
[BlackTitle "FM"]
[WhiteElo "2012"]
[BlackElo "2156"]
[WhiteFideId "6304940"]
[BlackFideId "32030592"]
[EventDate "2025.06.17"]

1. d4 g6 2. e4 Bg7 3. Nc3 c6 4. Nf3 d5 5. h3 dxe4 6. Nxe4 Nf6 7. Ng3 O-O 8. Bc4
a5 9. a4 Na6 10. O-O Nc7 11. c3 Ncd5 12. Re1 Re8 13. Bg5 Qb6 14. Qd2 Bd7 15. Re2
e6 16. Ne5 Qc7 17. Bh6 b5 18. Bb3 Nb6 19. Bxg7 Kxg7 20. Rae1 bxa4 21. Ba2 Nfd5
22. Ng4 Qf4 23. Qd1 h5 24. Re4 Qg5 25. Ne5 Rad8 26. h4 Qe7 27. Nxh5+ Kh7 28. Ng3
f5 29. R4e2 Qxh4 30. Qd2 Kg7 31. c4 Nf4 32. Re3 Rh8 0-1

[Event "Titled Tue 17th Jun Early"]
[Site "chess.com INT"]
[Date "2025.06.17"]
[Round "2"]
[White "Schmakel, Sam"]
[Black "Chan, Mark"]
[Result "1-0"]
[WhiteTitle "IM"]
[BlackTitle "FM"]
[WhiteElo "2456"]
[BlackElo "2179"]
[WhiteFideId "2039311"]
[BlackFideId "5800560"]
[EventDate "2025.06.17"]

1. e4 c5 2. c3 Nf6 3. e5 Nd5 4. Bc4 e6 5. Nf3 d6 6. d4 cxd4 7. cxd4 Nc6 8. O-O
Be7 9. Qe2 O-O 10. Nc3 Nxc3 11. bxc3 dxe5 12. dxe5 b6 13. Bd3 Bb7 14. Re1 Qd5
15. Be4 Qa5 16. Bc2 Rfd8 17. Qe4 g6 18. Bg5 Nd4 19. Qxb7 Nxf3+ 20. Qxf3 Bxg5 21.
Bb3 Bd2 22. Re2 Qxc3 23. Qxc3 Bxc3 24. Rc1 Bd4 25. g3 Rac8 26. Rxc8 Rxc8 27. Kg2
Rc5 28. f4 Kg7 29. Rd2 Be3 30. Rd7 Rc6 31. Rxa7 g5 32. f5 Kg8 33. Ra8+ Kg7 34.
f6+ Kg6 35. g4 Bd4 36. Rg8+ Kh6 37. h4 gxh4 38. g5+ Kh5 39. Bd1# 1-0

[Event "Titled Tue 17th Jun Early"]
[Site "chess.com INT"]
[Date "2025.06.17"]
[Round "2"]
[White "Tarnowska, Aleksandra"]
[Black "Kovalchuk, Alexey"]
[Result "1/2-1/2"]
[WhiteTitle "WCM"]
[BlackTitle "FM"]
[WhiteElo "1882"]
[BlackElo "2304"]
[WhiteFideId "1180967"]
[BlackFideId "24154385"]
[EventDate "2025.06.17"]

1. e4 c5 2. Nf3 d6 3. Bb5+ Nd7 4. O-O a6 5. Bxd7+ Bxd7 6. c3 Nf6 7. Re1 e6 8. d4
Be7 9. e5 dxe5 10. dxe5 Nd5 11. c4 Nb6 12. Qc2 Bc6 13. Nbd2 O-O 14. h3 Qd7 15.
Ne4 Rfd8 16. Bg5 Bxg5 17. Nfxg5 Bxe4 18. Qxe4 h6 19. Qh7+ Kf8 20. Qh8+ Ke7 21.
Qxg7 hxg5 22. Qf6+ Kf8 23. Qh8+ Ke7 24. Qf6+ Ke8 25. Qh8+ Ke7 26. Qf6+ 1/2-1/2

[Event "Titled Tue 17th Jun Early"]
[Site "chess.com INT"]
[Date "2025.06.17"]
[Round "2"]
[White "Lissillour, Baptiste"]
[Black "Sahib, Singh"]
[Result "0-1"]
[WhiteTitle "FM"]
[BlackTitle "FM"]
[WhiteElo "2312"]
[BlackElo "2407"]
[WhiteFideId "45179620"]
[BlackFideId "25618342"]
[EventDate "2025.06.17"]

1. e4 c5 2. Nf3 d6 3. d4 cxd4 4. Nxd4 Nf6 5. Nc3 a6 6. a4 g6 7. Be2 Bg7 8. a5
O-O 9. Be3 Nc6 10. Nxc6 bxc6 11. O-O Nd7 12. Bd4 Rb8 13. Bxg7 Kxg7 14. b3 Nc5
15. Qd2 Qc7 16. f4 f6 17. Rfd1 Be6 18. Qd4 Bf7 19. e5 Rfd8 20. exd6 exd6 21. Ne4
Nxe4 22. Qxe4 Re8 23. Qf3 d5 24. Bd3 c5 25. Bxa6 c4 26. bxc4 Qa7+ 27. Kh1 Qxa6
28. cxd5 Rbd8 29. d6 Rxd6 30. Rxd6 Qxd6 31. a6 Bd5 32. Qd3 Qc6 33. Rg1 Bxg2+ 0-1

[Event "Titled Tue 17th Jun Early"]
[Site "chess.com INT"]
[Date "2025.06.17"]
[Round "2"]
[White "Gunawardhana, Devindya Oshini"]
[Black "Garde, Guillaume"]
[Result "0-1"]
[WhiteTitle "WIM"]
[BlackTitle "CM"]
[WhiteElo "2121"]
[BlackElo "2211"]
[WhiteFideId "29941482"]
[BlackFideId "45138273"]
[EventDate "2025.06.17"]

1. Nf3 d5 2. g3 Nc6 3. d4 Bf5 4. c3 e6 5. Bg2 Nf6 6. Nbd2 Be7 7. O-O h5 8. h4
Ne4 9. Ne5 Nxe5 10. dxe5 Nxd2 11. Qxd2 Qd7 12. a4 O-O-O 13. a5 a6 14. b4 g5 15.
e4 dxe4 16. Qxd7+ Rxd7 17. hxg5 Rg8 18. Be3 Bxg5 19. Bxg5 Rxg5 20. Rad1 Rxd1 21.
Rxd1 e3 22. Re1 exf2+ 23. Kxf2 Bg4 24. c4 Rf5+ 25. Kg1 Bf3 26. Bh3 Rg5 27. Kf2
Bc6 28. Rb1 Be4 29. Re1 Bd3 30. c5 Bc4 31. Re3 Bd5 32. Bf1 Rf5+ 33. Kg1 f6 34.
exf6 Rxf6 35. Be2 Rf5 36. g4 hxg4 37. Bxg4 Rf4 38. Bxe6+ Bxe6 39. Rxe6 Rxb4 40.
Re8+ Kd7 41. Rf8 Rb5 42. Kf2 Rxc5 43. Ke3 Rxa5 44. Kd4 0-1

[Event "Titled Tue 17th Jun Early"]
[Site "chess.com INT"]
[Date "2025.06.17"]
[Round "2"]
[White "Hayrapetyan, Edgar"]
[Black "Brozynski, Patryk"]
[Result "1-0"]
[WhiteTitle "FM"]
[BlackTitle "CM"]
[WhiteElo "2161"]
[BlackElo "2192"]
[WhiteFideId "13313568"]
[BlackFideId "2512700"]
[EventDate "2025.06.17"]

1. e4 e6 2. d4 d5 3. Nc3 dxe4 4. Nxe4 Nd7 5. Bd3 Ngf6 6. Ng5 h6 7. N5f3 c5 8. c3
b6 9. Ne2 Bb7 10. Be3 Be7 11. Ng3 O-O 12. O-O Rc8 13. Qe2 cxd4 14. Nxd4 Ne5 15.
Bc2 Nc4 16. Rad1 Qd5 17. f3 Nxe3 18. Qxe3 Bc5 19. Bb3 Qd8 20. Kh1 e5 21. Qxe5
Re8 22. Qf4 Bd6 23. Qh4 Ne4 24. Bxf7+ Kxf7 25. fxe4+ Kg8 26. Qg4 Bxg3 27. Nf5
Qf6 28. Nxg3 Qe6 29. Qxe6+ Rxe6 30. Rd7 Bxe4 31. Rff7 Bc6 32. Rxg7+ Kh8 33. Rde7
Re8 34. Rh7+ Kg8 35. Reg7+ Kf8 36. h4 Re1+ 37. Kh2 Rb1 38. Nf5 Re2 39. Rh8# 1-0

[Event "Titled Tue 17th Jun Early"]
[Site "chess.com INT"]
[Date "2025.06.17"]
[Round "2"]
[White "Novikova, Marharyta"]
[Black "Garcia Almaguer, Juan Manuel"]
[Result "0-1"]
[WhiteTitle "WCM"]
[BlackTitle "CM"]
[WhiteElo "1974"]
[BlackElo "2142"]
[WhiteFideId "14109689"]
[BlackFideId "5110491"]
[EventDate "2025.06.17"]

1. e4 e5 2. Nf3 Nc6 3. Bc4 Nf6 4. O-O h6 5. Re1 d6 6. h3 g5 7. d4 g4 8. dxe5
gxf3 9. exf6 Ne5 10. Bb5+ c6 11. Bf1 Qxf6 12. Nd2 Rg8 13. g3 h5 14. Re3 h4 15.
g4 Rxg4+ 16. hxg4 Bxg4 17. Nc4 O-O-O 18. Nxe5 dxe5 19. Qe1 Bc5 20. Rd3 Rg8 21.
Kh1 Qg6 22. Rc3 Bd4 23. Rc4 Be6 24. Ra4 Qg1# 0-1

[Event "Titled Tue 17th Jun Early"]
[Site "chess.com INT"]
[Date "2025.06.17"]
[Round "2"]
[White "Aishwin, Daniel"]
[Black "Langheinrich, Ferenc"]
[Result "0-1"]
[WhiteTitle "CM"]
[BlackTitle "IM"]
[WhiteElo "2206"]
[BlackElo "2346"]
[WhiteFideId "25037714"]
[BlackFideId "4641973"]
[EventDate "2025.06.17"]

1. e4 c6 2. d4 d5 3. exd5 cxd5 4. c4 Nf6 5. Nc3 Nc6 6. Nf3 a6 7. cxd5 Nxd5 8.
Bd3 g6 9. h3 Bg7 10. Be3 Nxe3 11. fxe3 O-O 12. O-O b5 13. a3 Bb7 14. Qe1 Rc8 15.
Qh4 e5 16. Qxd8 Rcxd8 17. d5 Ne7 18. e4 Nc8 19. a4 b4 20. Nd1 Nd6 21. Ne3 f5 22.
Nd2 Bh6 23. Nec4 Nxc4 24. Nxc4 fxe4 25. Bxe4 Bxd5 26. Rxf8+ Bxf8 27. Rd1 Bc5+
28. Kh2 Bd4 29. Bxd5+ Rxd5 30. Kh1 Rc5 31. b3 Kg7 32. a5 Rc6 33. g4 Rf6 34. Kg2
Rf2+ 35. Kg3 Rc2 36. Rd3 Kf6 37. Kf3 Ke6 38. Ke4 Re2+ 39. Kf3 Rh2 40. Ke4 h5 41.
gxh5 gxh5 42. Rf3 h4 43. Kd3 Kd5 44. Nd2 Rh1 45. Nc4 e4+ 46. Ke2 exf3+ 47. Kxf3
Rxh3+ 0-1

[Event "Titled Tue 17th Jun Early"]
[Site "chess.com INT"]
[Date "2025.06.17"]
[Round "2"]
[White "Karttunen, Mika"]
[Black "Lacasa Diaz, Josep Anton"]
[Result "1-0"]
[WhiteTitle "IM"]
[BlackTitle "IM"]
[WhiteElo "2490"]
[BlackElo "2315"]
[WhiteFideId "502081"]
[BlackFideId "2203375"]
[EventDate "2025.06.17"]

1. e4 Nc6 2. d4 d5 3. e5 Bf5 4. c3 e6 5. Bd3 Nge7 6. f4 f6 7. Nf3 Qd7 8. Be3
O-O-O 9. O-O Bxd3 10. Qxd3 Nf5 11. Bf2 Be7 12. Nbd2 Rdg8 13. Rae1 g5 14. exf6
Bxf6 15. fxg5 Bxg5 16. Nxg5 Rxg5 17. Nf3 Rg6 18. Nh4 Nxh4 19. Bxh4 Rhg8 20. Bg3
Ne7 21. Rf7 Qe8 22. Rxh7 Nf5 23. Rxc7+ Kd8 24. Rxb7 Qc6 25. Rb8+ Kd7 26. Rxg8
Rxg8 27. Be5 Kc8 28. Qh3 Qc4 29. Qh7 Rg4 30. Qf7 Qc6 31. h3 Re4 32. Rf1 Re2 33.
g4 Ne3 34. Rf3 Qc4 35. Qxe6+ Kb7 36. Rf7+ Ka8 37. Qe8+ 1-0

[Event "Titled Tue 17th Jun Early"]
[Site "chess.com INT"]
[Date "2025.06.17"]
[Round "2"]
[White "Galperin, Platon"]
[Black "Terkiewicz, Bruno"]
[Result "1/2-1/2"]
[WhiteTitle "GM"]
[BlackTitle "CM"]
[WhiteElo "2500"]
[BlackElo "2183"]
[WhiteFideId "14165414"]
[BlackFideId "21093245"]
[EventDate "2025.06.17"]

1. e4 c5 2. Nf3 d6 3. Nc3 Nf6 4. Bb5+ Nbd7 5. d4 cxd4 6. Qxd4 a6 7. Bxd7+ Bxd7
8. Bg5 e6 9. O-O-O Bc6 10. e5 Bxf3 11. gxf3 Qa5 12. Bxf6 gxf6 13. exd6 O-O-O 14.
d7+ Kb8 15. Qxf6 Bb4 16. Ne2 Qxa2 17. Qf4+ Ka8 18. Qxb4 Qa1+ 19. Kd2 Rxd7+ 20.
Nd4 Qa2 21. Ke2 Rhd8 22. Nb3 Qxb2 23. Rxd7 Rxd7 24. Qc5 Rd5 25. Qc8+ Ka7 26. f4
Qg7 27. h3 Qg2 28. Re1 Qe4+ 29. Kf1 Qh1+ 30. Ke2 Qe4+ 31. Kf1 Qh1+ 32. Ke2 Qe4+ 1/2-1/2

[Event "Titled Tue 17th Jun Early"]
[Site "chess.com INT"]
[Date "2025.06.17"]
[Round "2"]
[White "Purtseladze, Maka"]
[Black "Subervi, Jonathan Sigfredo"]
[Result "1-0"]
[WhiteTitle "IM"]
[BlackTitle "FM"]
[WhiteElo "2261"]
[BlackElo "2059"]
[WhiteFideId "13602659"]
[BlackFideId "6400345"]
[EventDate "2025.06.17"]

1. d4 d5 2. c4 c6 3. Nf3 Nf6 4. e3 Bg4 5. Nc3 e6 6. h3 Bh5 7. g4 Bg6 8. Qb3 Qc7
9. Ne5 Nbd7 10. Nxg6 hxg6 11. Bg2 Nb6 12. cxd5 exd5 13. Bd2 Bd6 14. O-O-O Nc4
15. Kb1 O-O 16. Bc1 a5 17. Qc2 a4 18. e4 dxe4 19. Nxe4 Nxe4 20. Bxe4 b5 21. h4
Bf4 22. h5 g5 23. h6 g6 24. Bxf4 Qxf4 25. Bxg6 Kh8 26. Bd3 Rab8 27. Bxc4 bxc4
28. Qc3 Kh7 29. d5 f6 30. dxc6 Qe4+ 31. Ka1 Rb3 32. Qe1 1-0

[Event "Titled Tue 17th Jun Early"]
[Site "chess.com INT"]
[Date "2025.06.17"]
[Round "2"]
[White "Dwilewicz, Katarzyna"]
[Black "Khazan, Yevgeny"]
[Result "1-0"]
[WhiteTitle "WFM"]
[BlackTitle "CM"]
[WhiteElo "2198"]
[BlackElo "2135"]
[WhiteFideId "1148486"]
[BlackFideId "2806193"]
[EventDate "2025.06.17"]

1. e4 c5 2. Nc3 Nc6 3. Bb5 Nd4 4. Bc4 e6 5. Nge2 Ne7 6. a4 Nec6 7. O-O Be7 8. d3
O-O 9. Nxd4 Nxd4 10. Ne2 d5 11. Ba2 b6 12. Nxd4 cxd4 13. exd5 e5 14. Qh5 Bf6 15.
f4 g6 16. Qf3 Bb7 17. fxe5 Bxe5 18. Bh6 Bg7 19. Bxg7 Kxg7 20. Rae1 Rc8 21. Bb3
f5 22. Qf4 Qf6 23. Re6 Qf7 24. Qxd4+ Kg8 25. d6 Rxc2 26. Re7 Rxg2+ 27. Kh1 Rg4+
28. Rxb7 Rxd4 29. Rxf7 Rxf7 30. Rc1 Rxd6 31. Rc7 Rf6 32. Rxa7 Kg7 33. Bxf7 Rxf7
34. Ra6 Rd7 35. Rxb6 Rxd3 36. a5 Rd1+ 37. Kg2 Ra1 38. b4 Ra3 39. a6 f4 40. b5 g5
41. Rb7+ Kg6 42. a7 g4 43. Rb6+ Kf5 44. Ra6 f3+ 45. Kg3 1-0

[Event "Titled Tue 17th Jun Early"]
[Site "chess.com INT"]
[Date "2025.06.17"]
[Round "2"]
[White "Arabidze, Meri"]
[Black "Jimenez Carrazoni, Marta Elena"]
[Result "1-0"]
[WhiteTitle "IM"]
[BlackTitle "WCM"]
[WhiteElo "2440"]
[BlackElo "1968"]
[WhiteFideId "13604040"]
[BlackFideId "54765102"]
[EventDate "2025.06.17"]

1. b3 e5 2. Bb2 Nc6 3. c4 d5 4. cxd5 Qxd5 5. Nc3 Qd7 6. g3 f6 7. Bg2 Nge7 8. Nf3
Nd5 9. O-O Nxc3 10. Bxc3 Be7 11. d4 exd4 12. Nxd4 Nxd4 13. Bxd4 O-O 14. Be3 c6
15. Qc2 Qf5 16. Be4 Qh5 17. Rfd1 f5 18. Bf3 Qg6 19. b4 Bf6 20. Rab1 Be6 21. b5
cxb5 22. Rxb5 Rac8 23. Qb1 Rfd8 24. Rxd8+ Rxd8 25. Rxb7 Bg5 26. Bxg5 Qxg5 27.
Rxa7 f4 28. Ra8 fxg3 29. Rxd8+ Qxd8 30. hxg3 Qd2 31. a4 Qa5 32. Qb5 Qe1+ 33. Kg2
h5 34. Qe8+ Kh7 35. Qxh5+ Kg8 36. Qe8+ Kh7 37. Be4+ g6 38. Qxg6+ Kh8 39. Qh7# 1-0

[Event "Titled Tue 17th Jun Early"]
[Site "chess.com INT"]
[Date "2025.06.17"]
[Round "2"]
[White "Csonka, Balazs"]
[Black "Nazin, Roman"]
[Result "0-1"]
[WhiteTitle "IM"]
[BlackTitle "CM"]
[WhiteElo "2467"]
[BlackElo "2250"]
[WhiteFideId "742910"]
[BlackFideId "4137167"]
[EventDate "2025.06.17"]

1. d4 c5 2. d5 e5 3. e4 d6 4. Bb5+ Nd7 5. a4 a6 6. Be2 Ngf6 7. Nc3 Be7 8. Nf3
O-O 9. O-O Rb8 10. a5 Ne8 11. Nd2 Bg5 12. g3 g6 13. f4 exf4 14. gxf4 Bf6 15. Nc4
Qc7 16. Be3 Bg7 17. Kh1 b5 18. axb6 Nxb6 19. Na5 f5 20. Nc6 Ra8 21. e5 Bb7 22.
e6 Bxc3 23. bxc3 Nxd5 24. Qxd5 Bxc6 25. Bf3 Bxd5 26. Bxd5 Rb8 27. Rxa6 Nf6 28.
c4 Nxd5 29. cxd5 Rb6 30. Ra2 Rb4 31. c4 Rxc4 32. Rfa1 Qb7 0-1

[Event "Titled Tue 17th Jun Early"]
[Site "chess.com INT"]
[Date "2025.06.17"]
[Round "2"]
[White "Asish Panda"]
[Black "Bortnyk, Olexandr"]
[Result "0-1"]
[BlackTitle "GM"]
[WhiteElo "1911"]
[BlackElo "2601"]
[WhiteFideId "45012458"]
[BlackFideId "14120828"]
[EventDate "2025.06.17"]

1. e4 Nf6 2. Nc3 d5 3. e5 Nfd7 4. Nf3 e6 5. d4 c5 6. dxc5 Bxc5 7. Bd3 a6 8. h4
Nc6 9. Bf4 b5 10. h5 h6 11. Rh3 Bb7 12. Rg3 Kf8 13. Kf1 Rc8 14. Qe2 Nd4 15. Nxd4
Bxd4 16. Qg4 Rg8 17. Bh7 Nxe5 18. Bxe5 Bxe5 19. Rf3 d4 20. Ne4 Qe7 21. Re1 Rc7
22. Bxg8 Kxg8 23. c3 dxc3 24. Nxc3 Rc4 25. Qh3 Bxf3 26. Qxf3 Bxc3 27. bxc3 Qc5
28. Re3 b4 29. Ke2 bxc3 30. Kd1 c2+ 31. Kc1 Qb4 0-1

[Event "Titled Tue 17th Jun Early"]
[Site "chess.com INT"]
[Date "2025.06.17"]
[Round "2"]
[White "Sheehan, Ethan"]
[Black "Tulendinov, Dinmukhammed"]
[Result "1-0"]
[BlackTitle "FM"]
[WhiteElo "2364"]
[BlackElo "2104"]
[WhiteFideId "30943965"]
[BlackFideId "13730860"]
[EventDate "2025.06.17"]

1. d4 Nf6 2. Nf3 c5 3. d5 d6 4. Nc3 g6 5. e4 Bg7 6. Nd2 O-O 7. Be2 Na6 8. O-O
Nc7 9. a4 b6 10. Re1 Rb8 11. Nc4 Bb7 12. Bf4 Nd7 13. Qd2 Re8 14. Bg4 Ba8 15. Nb5
a6 16. Nxc7 Qxc7 17. c3 b5 18. axb5 axb5 19. Na5 Ne5 20. Be2 c4 21. Be3 Nd7 22.
Ra3 Nc5 23. f3 Rbd8 24. Bd4 e5 25. Bf2 f5 26. b4 Nd7 27. Bd1 Rf8 28. Bc2 Nf6 29.
Rea1 fxe4 30. Bxe4 Qf7 31. Nc6 Bxc6 32. dxc6 d5 33. Bc2 Rc8 34. Ra7 Qe7 1-0

[Event "Titled Tue 17th Jun Early"]
[Site "chess.com INT"]
[Date "2025.06.17"]
[Round "2"]
[White "Mohylnyi, Stepan"]
[Black "Ristic, Nebojsa M"]
[Result "1-0"]
[WhiteTitle "FM"]
[BlackTitle "IM"]
[WhiteElo "2314"]
[BlackElo "2248"]
[WhiteFideId "34127836"]
[BlackFideId "900850"]
[EventDate "2025.06.17"]

1. e4 e6 2. d4 d5 3. Nc3 Bb4 4. e5 c5 5. a3 Bxc3+ 6. bxc3 Ne7 7. Qg4 Qc7 8. Qxg7
Rg8 9. Qxh7 cxd4 10. Ne2 Nbc6 11. f4 Bd7 12. Qd3 dxc3 13. Rb1 Nf5 14. Nxc3 a6
15. g4 Nfe7 16. Rg1 Rc8 17. Ne2 Na5 18. Bd2 Nc4 19. Nd4 Nc6 20. Bb4 Nxb4 21.
Rxb4 Qc5 22. Rg3 b5 23. h4 a5 24. Rb3 Rb8 25. h5 Qe7 26. g5 Rh8 27. h6 Qc5 28.
g6 fxg6 29. Qxg6+ Kd8 30. Qf6+ Kc7 31. Nxe6+ Bxe6 32. Qxe6 Rh7 33. Rg7+ Rxg7 34.
hxg7 1-0